1381 1376 1896 1739 1085 1541 1732 1702 1977 1722 1875 1891 1071 1830 1419 1224 1478 1589 1151 1601 1176 1025 1479 1259 1554 1301 1970 1983 1085 1300 1861 1304 1125 1713 1221 1514 1456 1305 1266 1390 1546 1248 1883 1557 1043 1472 1382 1243 1670 1784 1269 1288 1836 1659 1157 1924 1741 1219 1403 1592 1633 1350 1840 1522 1549 1400 1602 1542 1281 1541 1251 1142 1636 1616 1136 1485 1272 1784 1428 1621 1611 1794 1709 1651 1537 1429 1656 1781 1933 1330 1605 1838 1650 1988 1928 1054 1630 1750 1184 BCNSPRNW ULIB Ver.6.0+V

เปลี่ยนเป็นภาษาไทย

Change to English
 แสดงรายละเอียดบรรณานุกรม
  กลับหน้าหลัก

Brief Record : Get Marc (ISO 2709) : E-mail record : QR code < ปิดหน้าต่าง
LEADER : 00000nam 2200000uu 4500
001    13399126546
003     ULIB
008    181019s2018||||th 000 0 tha d
020    ^a9781259834370
060    ^aWS205^bR211T
100    ^aRanna A. Rozenfeld
245  4 ^aThe PICU Handbook
260    ^aNew York :^bMcGraw-Hill,^c2018
300    ^a498 pages;^b26 cm
650    ^aPediatric intensive care-Handbooks
650    ^aPediatric emergencies-Handbooks
650    ^aMedical
650    ^aPediatrics
945    ^p0^l0^i26814
999    ^aกัณชพร จุลอักษร
รายการนี้ยังไม่มีแท็ก
คุณยังไม่ได้ล็อกอิน คุณสามารถมีกิจกรรมร่วมกับเว็บไซต์ได้ แต่ต้องล็อกอินก่อน ::
  ล็อกอิน

รายการสื่อสารสนเทศ

ลำดับที่ ประเภท เลขเรียก/บาร์โค้ด สถานที่ สถานะ
1. วิทยาศาสตร์การแพทย์ และสุขภาพ
วิทยาศาสตร์การแพทย์ และสุขภาพ
WS205 R211T ฉ.1 
  Barcode: 26814
ห้องสมุดวิทยาเขตนครสวรรค์
►หนังสือทั่วไป:l:General Books
บนชั้น

รายการใกล้เคียง
    ผู้แต่ง [Ranna A. Rozenfeld]

    หัวเรื่อง [Pediatric intensive care-Handbooks]
    หัวเรื่อง [Pediatric emergencies-Handbooks]
    หัวเรื่อง [Medical]
    หัวเรื่อง [Pediatrics]

BibComment


ยังไม่เคยถูกคอมเมนท์

คอมเมนท์ทรัพยากรรายการนี้
  คอมเมนท์: The PICU Handbook


 Copyright 2026. Bcnsprnw @Library